Estatísticas para Países Mais Populosos em 2050

Clique aqui para jogar o quiz

Estatísticas Gerais

  • Esse quiz foi jogado 4 748 vezes
  • A pontuação média é 14 de 21

Estatísticas das Respostas

PopulaçãoPaís% Correto
231 miBrasil
99%
1,325 miChina
99%
378 miEstados Unidos
98%
1,668 miÍndia
98%
133 miRússia
92%
104 miJapão
87%
144 miMéxico
85%
317 miIndonésia
77%
375 miNigéria
72%
366 miPaquistão
71%
160 miEgito
70%
204 miBangladesh
61%
98.9 miIrã
61%
215 miRepública Democrática do Congo
61%
95.7 miTurquia
56%
157 miFilipinas
48%
213 miEtiópia
45%
84.7 miQuênia
44%
107 miVietnã
44%
129 miTanzânia
31%
86.9 miUganda
16%

Distribuição das Pontuações

Percentil de Números Respondidos

Porcentagem de Pessoas com Cada Pontuação

Sua Pontuação Histórica

Você não jogou esse quiz